[Event "GER Cup Net Final-A U2400"]
[Site "Playchess.com INT"]
[Date "2020.06.06"]
[Round "5"]
[White "Becker, Dirk"]
[Black "Eilenberg, Jonas"]
[Result "1-0"]
[WhiteElo "2163"]
[BlackElo "2091"]
[PlyCount "173"]
[EventDate "2020.06.06"]
[EventType "swiss (blitz)"]
[EventRounds "13"]
[EventCountry "GER"]
[SourceTitle "CBM 197 Extra"]
[Source "ChessBase"]
[SourceDate "2020.09.30"]
[SourceVersion "1"]
[SourceVersionDate "2020.09.30"]
[SourceQuality "1"]

1. d4 e6 2. Bf4 d5 3. e3 Bd6 4. Bg3 Nf6 5. Nd2 0-0 6. Ngf3 c5 7. c3 Nc6 8. Bd3 b6 9. Qe2 Bb7 10. Rd1 Ne7 11. e4 dxe4 12. Nxe4 Nxe4 13. Bxe4 Bxe4 14. Qxe4 Qc7 15. dxc5 Bxg3 16. hxg3 Ng6 17. cxb6 axb6 18. a3 Ra5 19. 0-0 h6 20. Rd2 Rfa8 21. Rfd1 Ra4 22. Qe3 Nf8 23. Ne5 R8a5 24. f4 f6 25. Nf3 Qc6 26. Rd8 Ra8 27. Rxa8 Rxa8 28. Nd4 Qc4 29. Re1 Re8 30. Qe2 Qd5 31. Rd1 Qa5 32. Nf3 Qc5+ 33. Qf2 Qb5 34. Rd6 Rb8 35. Qd2 Qc5+ 36. Qd4 Qb5 37. b4 Qa4 38. Rxb6 Rxb6 39. Qxb6 Qxa3 40. Qd4 Qc1+ 41. Kh2 Qb2 42. Qd2 Qb3 43. Nd4 Qd5 44. Qe2 Kf7 45. Qf3 Qc4 46. b5 Nd7 47. Qc6 Qxc6 48. Nxc6 Nb6 49. Kg1 Ke8 50. Kf2 Kd7 51. Ke2 Kd6 52. Kd3 Kc5 53. Nd4 e5 54. fxe5 fxe5 55. Ne6+ Kxb5 56. Nxg7 Kc5 57. g4 Kd5 58. Nf5 e4+ 59. Kd2 Nc4+ 60. Ke2 Ne5 61. Ne3+ Kc5 62. Kf2 Nd3+ 63. Kg3 Kd6 64. Kh4 Ke5 65. g3 Nf2 66. Kh5 Nh1 67. Kxh6 Nxg3 68. g5 Nf5+ 69. Nxf5 Kxf5 70. g6 e3 71. g7 e2 72. g8Q e1Q 73. Qg6+ Kf4 74. Qg5+ Kf3 75. Qf5+ Kg3 76. Qd3+ Kf4 77. Qd4+ Qe4 78. Qd2+ Qe3 79. Qd6+ Qe5 80. Qc6 Qh8+ 81. Kg6 Qg8+ 82. Kf6 Qf8+ 83. Ke6 Qh6+ 84. Kd5 Qg5+ 85. Kc4 Qg8+ 86. Qd5 Qc8+ 87. Kd3 1-0

[Event "GER Cup Net Final-A U2400"]
[Site "Playchess.com INT"]
[Date "2020.06.06"]
[Round "11"]
[White "Dahl, Christoph"]
[Black "Becker, Dirk"]
[Result "1-0"]
[WhiteElo "2141"]
[BlackElo "2163"]
[PlyCount "97"]
[EventDate "2020.06.06"]
[EventType "swiss (blitz)"]
[EventRounds "13"]
[EventCountry "GER"]
[SourceTitle "CBM 197 Extra"]
[Source "ChessBase"]
[SourceDate "2020.09.30"]
[SourceVersion "1"]
[SourceVersionDate "2020.09.30"]
[SourceQuality "1"]

1. e4 c5 2. Nf3 e6 3. d4 cxd4 4. Nxd4 Nf6 5. Nc3 Nc6 6. Ndb5 Bc5 7. Nd6+ Ke7 8. Bf4 e5 9. Nf5+ Kf8 10. Be3 Bb4 11. a3 Bxc3+ 12. bxc3 d5 13. exd5 Qxd5 14. Qxd5 Nxd5 15. Bc5+ Kg8 16. 0-0-0 Bxf5 17. Rxd5 Be6 18. Rd6 h5 19. Bb5 Rc8 20. Bxc6 Rxc6 21. Rxc6 bxc6 22. Bxa7 Kh7 23. Re1 Ra8 24. Bc5 f6 25. f4 e4 26. Rxe4 Bd5 27. Re2 Kg6 28. g3 Kf5 29. Re7 g6 30. Kd2 Kg4 31. Bd4 Rxa3 32. Bxf6 Kh3 33. Re3 Kxh2 34. c4 Rxe3 35. cxd5 Re8 36. d6 Re6 37. Be7 Re4 38. Kc3 Re3+ 39. Kc4 Kxg3 40. d7 Rxe7 41. d8Q Re4+ 42. Kd3 Rxf4 43. Qg5+ Rg4 44. Qe5+ Kg2 45. Qe6 Rg3+ 46. Ke2 h4 47. Qxc6+ Kh2 48. Kf2 h3 49. Qd6 1-0

[Event "GER Cup Net V4 U2400"]
[Site "Playchess.com INT"]
[Date "2020.05.31"]
[Round "4"]
[White "Koelle, Tobias"]
[Black "Becker, Dirk"]
[Result "1-0"]
[WhiteElo "2301"]
[BlackElo "2225"]
[PlyCount "99"]
[EventDate "2020.05.31"]
[EventType "swiss (blitz)"]
[EventRounds "9"]
[EventCountry "GER"]
[SourceTitle "EXT 2021"]
[Source "ChessBase"]
[SourceDate "2020.10.23"]
[SourceVersion "1"]
[SourceVersionDate "2020.10.23"]
[SourceQuality "1"]

1. d4 Nf6 2. c4 e6 3. Nc3 Bb4 4. Nf3 0-0 5. Qc2 d5 6. Bg5 dxc4 7. e4 h6 8. Bxf6 Qxf6 9. Bxc4 c5 10. dxc5 Nc6 11. 0-0 Bxc5 12. Rad1 a6 13. a3 Ba7 14. b4 Nd4 15. Nxd4 Bxd4 16. Ne2 Ba7 17. Ng3 b5 18. Bb3 Bb7 19. Rd7 Rfc8 20. Qd2 Bc6 21. Rd3 Rd8 22. Rxd8+ Rxd8 23. Qc2 e5 24. Nf5 Be8 25. Qc7 Bd4 26. Ne7+ Kf8 27. Qxd8 Qxe7 28. Qxe7+ Kxe7 29. Rc1 Kd7 30. Bd5 Kd6 31. Rc8 Bd7 32. Ra8 Ke7 33. Rxa6 f5 34. Rg6 Kf8 35. Bc6 Bc8 36. Bxb5 fxe4 37. Rg3 g5 38. Bc4 Ke7 39. a4 Kd6 40. a5 Kc6 41. Ra3 Kb7 42. b5 Bd7 43. Bd5+ Kb8 44. b6 Bc8 45. Bxe4 Ba6 46. Bd3 Bc8 47. Bb5 h5 48. Rf3 g4 49. Rf8 h4 50. Bd7 1-0

[Event "GER Cup Net V3 U2400"]
[Site "Playchess.com INT"]
[Date "2020.05.27"]
[Round "9"]
[White "Becker, Dirk"]
[Black "Gungl, Theo"]
[Result "0-1"]
[WhiteElo "2233"]
[BlackElo "2117"]
[PlyCount "84"]
[EventDate "2020.05.27"]
[EventType "swiss (blitz)"]
[EventRounds "9"]
[EventCountry "GER"]
[SourceTitle "EXT 2021"]
[Source "ChessBase"]
[SourceDate "2020.10.23"]
[SourceVersion "1"]
[SourceVersionDate "2020.10.23"]
[SourceQuality "1"]

1. d4 d5 2. Bf4 Nf6 3. e3 c5 4. c3 Nc6 5. Nd2 Bf5 6. Qb3 Qd7 7. Ngf3 c4 8. Qd1 e6 9. Nh4 Be4 10. f3 Bg6 11. Nxg6 hxg6 12. g4 Bd6 13. b3 Bxf4 14. exf4 cxb3 15. Nxb3 Qc7 16. Qd2 Rc8 17. Rc1 Na5 18. Bb5+ Ke7 19. Kf2 Nc4 20. Bxc4 Qxc4 21. Kg2 b6 22. Rhe1 Qc7 23. Qe3 g5 24. Qe5 gxf4 25. Qg5 Kf8 26. Rc2 Rh6 27. Qe5 Qxe5 28. Rxe5 Nd7 29. Re1 g5 30. Nc1 Ke7 31. Nd3 Kd6 32. h3 Rhh8 33. Rec1 Rc7 34. c4 Rhc8 35. Nb2 Ke7 36. Kf2 Nf6 37. Ke2 dxc4 38. Nxc4 Nd5 39. a3 b5 40. Nb6 Rxc2+ 41. Rxc2 Rxc2+ 42. Kd3 Rc3+ 0-1

[Event "GER Cup Net V3 U2400"]
[Site "Playchess.com INT"]
[Date "2020.05.27"]
[Round "2"]
[White "Braun, Georg"]
[Black "Becker, Dirk"]
[Result "1-0"]
[WhiteElo "2202"]
[BlackElo "2240"]
[PlyCount "121"]
[EventDate "2020.05.27"]
[EventType "swiss (blitz)"]
[EventRounds "9"]
[EventCountry "GER"]
[SourceTitle "EXT 2021"]
[Source "ChessBase"]
[SourceDate "2020.10.23"]
[SourceVersion "1"]
[SourceVersionDate "2020.10.23"]
[SourceQuality "1"]

1. e4 c5 2. Nf3 e6 3. d4 cxd4 4. Nxd4 Nf6 5. Nc3 Nc6 6. Ndb5 Bc5 7. Bf4 0-0 8. Bc7 Qe7 9. Bd6 Bxd6 10. Qxd6 Qd8 11. 0-0-0 a6 12. Nd4 Qb6 13. Nxc6 bxc6 14. Qd4 Qxd4 15. Rxd4 d5 16. f3 a5 17. Be2 Ba6 18. Bxa6 Rxa6 19. Rhd1 Rb8 20. Ra4 Rb4 21. Ra3 Kf8 22. Re1 Ke7 23. b3 Kd8 24. Ra4 Kc7 25. a3 Rxa4 26. Nxa4 Nd7 27. Kb2 Kd6 28. c4 d4 29. Kc2 c5 30. Nb2 g5 31. g3 Ra8 32. Nd3 Ne5 33. Nxe5 Kxe5 34. Rf1 Rb8 35. f4+ gxf4 36. Rxf4 d3+ 37. Kc3 d2 38. Kxd2 Rxb3 39. Rxf7 Rxa3 40. Rxh7 Kxe4 41. Rh4+ Kf5 42. Rh5+ Ke4 43. Rxc5 Ra2+ 44. Kc3 Rxh2 45. Rxa5 e5 46. Ra8 Rh1 47. Re8 Rg1 48. Rg8 Ke3 49. g4 e4 50. g5 Ke2 51. g6 e3 52. g7 Ke1 53. Re8 Rxg7 54. Rxe3+ Kf2 55. Rh3 Rg1 56. c5 Rc1+ 57. Kd4 Ke2 58. Kd5 Rd1+ 59. Kc6 Rd3 60. Rxd3 Kxd3 61. Kd5 1-0

[Event "GER Cup Net V3 U2400"]
[Site "Playchess.com INT"]
[Date "2020.05.27"]
[Round "7"]
[White "Schulz, Karsten"]
[Black "Becker, Dirk"]
[Result "1-0"]
[WhiteElo "2195"]
[BlackElo "2244"]
[PlyCount "101"]
[EventDate "2020.05.27"]
[EventType "swiss (blitz)"]
[EventRounds "9"]
[EventCountry "GER"]
[SourceTitle "EXT 2021"]
[Source "ChessBase"]
[SourceDate "2020.10.23"]
[SourceVersion "1"]
[SourceVersionDate "2020.10.23"]
[SourceQuality "1"]

1. Nf3 d5 2. c4 e6 3. g3 Nf6 4. Bg2 Be7 5. 0-0 0-0 6. b3 b6 7. Bb2 c5 8. e3 Ba6 9. d3 Nc6 10. Nc3 Rc8 11. Qe2 Qd7 12. Rad1 Rfd8 13. Rfe1 Qe8 14. h3 Bb7 15. Kh2 Bf8 16. cxd5 Nxd5 17. Nxd5 exd5 18. d4 Nb4 19. Ba3 Ba6 20. Qd2 Nd3 21. Rg1 c4 22. Bxf8 Qxf8 23. bxc4 dxc4 24. Qc3 Nxf2 25. Rb1 Ne4 26. Qc2 Nf6 27. Ne5 Nd5 28. Rbe1 c3 29. Qa4 Bb7 30. Qxa7 Ba8 31. Rgf1 f6 32. Nd3 Qd6 33. e4 Nc7 34. d5 Re8 35. Rc1 Nb5 36. Qa6 Nd4 37. Nf4 g5 38. Nh5 f5 39. Qd3 f4 40. Qxd4 fxg3+ 41. Kh1 Qg6 42. Nf6+ Kf7 43. Nxe8+ Kxe8 44. Rxc3 Kd7 45. Rxc8 Kxc8 46. e5 g4 47. Qxg4+ Qxg4 48. hxg4 Bxd5 49. Bxd5 Kb8 50. Rf8+ Ka7 51. Rf7+ 1-0

[Event "Karlsruhe Grenke op"]
[Site "Karlsruhe"]
[Date "2019.04.19"]
[Round "2"]
[White "Becker, Dirk"]
[Black "Dragnev, Valentin"]
[Result "0-1"]
[WhiteElo "2245"]
[BlackElo "2514"]
[PlyCount "54"]
[EventDate "2019.04.18"]
[EventType "swiss"]
[EventRounds "9"]
[EventCountry "GER"]
[SourceTitle "CBM 189 Extra"]
[Source "ChessBase"]
[SourceDate "2019.06.03"]
[SourceVersion "1"]
[SourceVersionDate "2019.06.03"]
[SourceQuality "1"]

1. d4 d5 2. Bf4 c5 3. e3 Nc6 4. c3 Nf6 5. Nd2 Bf5 6. Ngf3 Qb6 7. Nh4 Bd7 8. Qb3 c4 9. Qc2 Nh5 10. Bg3 g6 11. e4 e6 12. Be2 Nxg3 13. hxg3 Bg7 14. g4 Qd8 15. e5 f6 16. f4 fxe5 17. dxe5 g5 18. Nhf3 gxf4 19. Rxh7 Rxh7 20. Qg6+ Ke7 21. Qxh7 Qh8 22. Qh5 Qxh5 23. gxh5 Rh8 24. Nh4 Be8 25. Kf2 Nxe5 26. Re1 Bxh5 27. Bf3 Nd3+ 0-1

[Event "Verbandsliga Suedbaden 1819"]
[Site "Baden"]
[Date "2018.10.14"]
[Round "1.2"]
[White "Becker, Dirk"]
[Black "Schmider, Niklas"]
[Result "1/2-1/2"]
[WhiteElo "2242"]
[BlackElo "2196"]
[PlyCount "127"]
[EventDate "2018.10.14"]
[EventType "team-tourn"]
[EventRounds "9"]
[EventCountry "GER"]
[SourceTitle "EXT 2020"]
[Source "ChessBase"]
[SourceDate "2019.10.17"]
[SourceVersion "1"]
[SourceVersionDate "2019.10.17"]
[SourceQuality "1"]
[WhiteTeam "Baden-Baden IV"]
[BlackTeam "Lahr"]
[WhiteTeamCountry "GER"]
[BlackTeamCountry "GER"]

1. d4 Nf6 2. Bf4 d5 3. e3 c5 4. Nc3 e6 5. Nb5 Na6 6. c3 Be7 7. h3 0-0 8. Nf3 Bd7 9. a4 Ne8 10. Ne5 Nac7 11. Nxc7 Nxc7 12. Bd3 Be8 13. Qb1 g6 14. Bh6 f6 15. Bxf8 Bxf8 16. Nf3 cxd4 17. exd4 e5 18. dxe5 fxe5 19. Be2 Bd6 20. Qc2 Bd7 21. Qd2 Qf6 22. h4 e4 23. Nd4 Rf8 24. Bb5 Bg4 25. Nc2 a6 26. Bf1 Bc5 27. Ne3 Be6 28. Rc1 Ne8 29. g3 Nd6 30. Rh2 d4 31. cxd4 Bxd4 32. Nc4 e3 33. Nxe3 Bxb2 34. Rc2 Ne4 35. Qd3 Bc3+ 36. Rxc3 Nxc3 37. f4 Rd8 38. Qc2 Qd4 39. Qd2 Qf6 40. Qc2 Qd4 41. Qd2 Nxa4 42. Qxd4 Rxd4 43. h5 b5 44. hxg6 hxg6 45. Rd2 Rxd2 46. Kxd2 Nc5 47. g4 b4 48. f5 gxf5 49. gxf5 Bf7 50. Nc4 Kg7 51. Nd6 Bg8 52. Bg2 Kf6 53. Ne4+ Nxe4+ 54. Bxe4 Ke5 55. Bc2 Bc4 56. Ke3 Bb5 57. Bd1 Kxf5 58. Kd4 Be8 59. Kc5 a5 60. Kb6 a4 61. Ka5 b3 62. Kb4 Bh5 63. Bxb3 axb3 64. Kxb3 1/2-1/2

[Event "Pardubice Czech op-A 29th"]
[Site "Pardubice"]
[Date "2018.07.21"]
[Round "2"]
[White "Becker, Dirk"]
[Black "Chekletsov, Egor"]
[Result "1/2-1/2"]
[WhiteElo "2265"]
[BlackElo "2123"]
[PlyCount "160"]
[EventDate "2018.07.20"]
[EventType "swiss"]
[EventRounds "9"]
[EventCountry "CZE"]
[SourceTitle "CBM 185 Extra"]
[Source "ChessBase"]
[SourceDate "2018.07.29"]
[SourceVersion "1"]
[SourceVersionDate "2018.07.29"]
[SourceQuality "1"]

1. d4 Nf6 2. Bf4 c5 3. d5 b5 4. a4 b4 5. Nf3 Ba6 6. h3 Bc4 7. d6 exd6 8. Bxd6 Qb6 9. Bxf8 Kxf8 10. Nbd2 Ba6 11. c4 Qe6 12. e3 Bb7 13. Be2 g6 14. 0-0 Kg7 15. b3 d5 16. cxd5 Bxd5 17. Qc2 Nbd7 18. Rac1 Rhd8 19. Qb2 Kg8 20. Rfe1 Rac8 21. Bf1 Ne4 22. Nxe4 Qxe4 23. Nd2 Qe5 24. Qc2 Nf6 25. Nc4 Qg5 26. Qb2 Ne4 27. f3 Nc3 28. Qf2 Rc6 29. Rc2 Rf6 30. f4 Qf5 31. g4 Qe6 32. Rcc1 Qe7 33. h4 Re6 34. h5 gxh5 35. g5 Re8 36. Rc2 h6 37. Qg3 Ne4 38. Qh3 hxg5 39. Qxh5 gxf4 40. Qxd5 f3 41. Bg2 Qh4 42. Rf1 Rd8 43. Qf5 Rh6 44. Bxf3 Ng3 45. Qg4+ Qxg4 46. Bxg4 Nxf1 47. Kxf1 Rd3 48. Rb2 Rh1+ 49. Kg2 Rc1 50. Be2 Rdc3 51. Kf3 Rh1 52. Ke4 Rhc1 53. Kd5 R1c2 54. Rxc2 Rxc2 55. Bf1 Rc3 56. Na5 Rxe3 57. Kxc5 f5 58. Kxb4 f4 59. Nc4 Re1 60. Nd2 Kg7 61. Bc4 Kf6 62. Ka5 Kf5 63. Ka6 Re7 64. a5 Rd7 65. Nf1 Ke4 66. b4 Kd4 67. Be2 Re7 68. Bf3 Kc4 69. b5 Re6+ 70. Bc6 Kb4 71. Nd2 Rh6 72. Nf3 Re6 73. Nd4 Rd6 74. Nf3 Re6 75. Nd2 Rh6 76. Nf3 Re6 77. Nd4 Rd6 78. Nc2+ Ka4 79. Nd4 Kb4 80. Nc2+ Ka4 1/2-1/2

[Event "Pardubice op rapid 29th"]
[Site "Pardubice"]
[Date "2018.07.18"]
[Round "3"]
[White "Jazdanovs, Aleksandrs"]
[Black "Becker, Dirk"]
[Result "1-0"]
[WhiteElo "2205"]
[BlackElo "2265"]
[PlyCount "129"]
[EventDate "2018.07.18"]
[EventType "swiss (rapid)"]
[EventRounds "9"]
[EventCountry "CZE"]
[SourceTitle "CBM 185 Extra"]
[Source "ChessBase"]
[SourceDate "2018.07.29"]
[SourceVersion "1"]
[SourceVersionDate "2018.07.29"]
[SourceQuality "1"]

1. e4 c5 2. Nf3 e6 3. d4 cxd4 4. Nxd4 Nf6 5. Nc3 Nc6 6. g3 Bb4 7. Bg2 Qa5 8. 0-0 0-0 9. Nb3 Qd8 10. Bf4 Be7 11. Qd2 a5 12. Rad1 a4 13. Nd4 Qb6 14. Ndb5 Ne8 15. a3 f5 16. Be3 Qa5 17. exf5 Rxf5 18. Nd4 Nxd4 19. Bxd4 Ra6 20. Qe3 Qc7 21. Be4 Rf8 22. Bd3 Rc6 23. Bb5 Nf6 24. Bxc6 bxc6 25. Bxf6 Rxf6 26. Nxa4 c5 27. Nc3 d5 28. Rxd5 Bb7 29. Re5 Qc6 30. f3 Rh6 31. Re1 c4 32. Rxe6 Bc5 33. Rxc6 Bxe3+ 34. Rxe3 Rxc6 35. Ne4 Rc7 36. Nd6 h5 37. Nxb7 Rxb7 38. b4 cxb3 39. cxb3 Rc7 40. Kf2 Rc1 41. Re1 Rc3 42. Rb1 Kf7 43. h4 Ke6 44. a4 Kd5 45. b4 Kc6 46. b5+ Kb6 47. a5+ Kb7 48. b6 Ra3 49. Rb5 g6 50. Rg5 Ka6 51. g4 hxg4 52. fxg4 Kb7 53. Kg2 Ka6 54. h5 gxh5 55. gxh5 Re3 56. h6 Re8 57. h7 Rh8 58. Rh5 Kb7 59. Kf3 Ka6 60. Ke4 Kb7 61. Kd5 Ka6 62. Kc4 Kb7 63. Kb5 Ka8 64. a6 Kb8 65. Rg5 1-0

[Event "Rheinland Pfalz op 10th"]
[Site "Nickenich"]
[Date "2018.06.02"]
[Round "5"]
[White "Becker, Dirk"]
[Black "Weber, Samuel"]
[Result "1-0"]
[WhiteElo "2262"]
[BlackElo "2113"]
[PlyCount "115"]
[EventDate "2018.05.31"]
[EventType "swiss"]
[EventRounds "7"]
[EventCountry "GER"]
[SourceTitle "CBM 184 Extra"]
[Source "ChessBase"]
[SourceDate "2018.06.28"]
[SourceVersion "1"]
[SourceVersionDate "2018.06.28"]
[SourceQuality "1"]

1. d4 d5 2. Bf4 Nf6 3. e3 e6 4. Nd2 Bd6 5. Bg3 0-0 6. Bd3 b6 7. Qe2 Bb7 8. e4 dxe4 9. Nxe4 Nxe4 10. Bxe4 Bxe4 11. Qxe4 Nd7 12. Nf3 Nf6 13. Qe2 Bxg3 14. hxg3 Qd5 15. 0-0 Rfd8 16. Rfd1 Qe4 17. Kf1 Qxe2+ 18. Kxe2 b5 19. a4 b4 20. a5 Nd5 21. Nd2 Rd6 22. Nc4 Ra6 23. Nd2 Rb8 24. Nb3 Rb5 25. Kd3 Rc6 26. Nc5 Rd6 27. Kc4 Rb8 28. c3 Kf8 29. Kd3 Ne7 30. Ne4 Rd5 31. c4 Rdd8 32. g4 h6 33. Ke3 f5 34. Nc5 Rd6 35. gxf5 Nxf5+ 36. Ke4 Ne7 37. Rd3 Kg8 38. f4 Nc6 39. a6 Rf8 40. g4 g5 41. f5 exf5+ 42. gxf5 Ne7 43. Rf1 Rff6 44. Rb3 Rd8 45. Ne6 Rd6 46. Nxc7 Rd7 47. Nb5 Nc6 48. Re3 Na5 49. Kd3 Nb3 50. d5 Rxa6 51. Nd4 Nc5+ 52. Kc2 Kf7 53. Re6 Ra4 54. Nb3 Nb7 55. Rxh6 Nd6 56. Rh7+ Ke8 57. Rxd7 Kxd7 58. Nc5+ 1-0

[Event "GER-chT U20"]
[Site "Duesseldorf"]
[Date "2017.12.28"]
[Round "3.3"]
[White "Becker, Dirk"]
[Black "Riehle, Marco"]
[Result "1-0"]
[WhiteElo "2258"]
[BlackElo "2280"]
[PlyCount "119"]
[EventDate "2017.12.27"]
[EventType "team-swiss"]
[EventRounds "7"]
[EventCountry "GER"]
[SourceTitle "CBM 182 Extra"]
[Source "ChessBase"]
[SourceDate "2018.02.23"]
[SourceVersion "1"]
[SourceVersionDate "2018.02.23"]
[SourceQuality "1"]
[WhiteTeam "Baden-Baden U20"]
[BlackTeam "Sasbach U20"]
[WhiteTeamCountry "GER"]
[BlackTeamCountry "GER"]

1. d4 d5 2. Bf4 e6 3. e3 Bd6 4. Bg3 c5 5. c3 Nf6 6. Bd3 Nc6 7. Nf3 0-0 8. Nbd2 Re8 9. Ne5 Bxe5 10. dxe5 Nd7 11. Nf3 Nf8 12. 0-0 b6 13. Qe2 Bb7 14. e4 d4 15. Nd2 Qd7 16. Rad1 Red8 17. Nb1 a6 18. f4 b5 19. c4 Nb4 20. Na3 Nxd3 21. Qxd3 Qc6 22. Rfe1 Nd7 23. Nb1 bxc4 24. Qxc4 Nb6 25. Qc1 a5 26. Bf2 Rac8 27. Nd2 d3 28. Nf3 Qa4 29. b3 Qxa2 30. Rd2 Qxb3 31. Rb2 Qa4 32. Rxb6 Bxe4 33. Nd2 Bd5 34. Be3 g6 35. Qc3 Kg7 36. Ra1 Qc2 37. Qxc2 dxc2 38. Rc1 c4 39. Rxc2 c3 40. Nb1 Be4 41. Rxc3 Rd1+ 42. Kf2 Rcd8 43. Na3 Ra1 44. Rb2 h5 45. Bc5 Rdd1 46. Be7 g5 47. Bxg5 Kg6 48. Nc4 a4 49. Be7 Rh1 50. Kg3 Bd5 51. Ne3 Be4 52. h3 Rhe1 53. Rb4 Bf5 54. Kh4 a3 55. Nxf5 Kxf5 56. Kxh5 Re4 57. Rxe4 Kxe4 58. Rxa3 Rc1 59. Kg4 Rc8 60. h4 1-0